Fruticultura.
Сохранить в:
| Главный автор: | |
|---|---|
| Другие авторы: | , |
| Формат: | |
| Опубликовано: |
Madrid, España:
Ediciones Paraninfo,
2022.
|
| Редактирование: | 3.ª edición. |
| Предметы: | |
| Метки: |
Добавить метку
Нет меток, Требуется 1-ая метка записи!
|
MARC
| LEADER | 00000nam a22000007a 4500 | ||
|---|---|---|---|
| 003 | CL-VaPUC | ||
| 005 | 20240115093015.0 | ||
| 008 | 230913t2022 ||||| |||| 00| 0 eng d | ||
| 020 | |a 978-84-8476-765-7 | ||
| 040 | |c Pontificia Universidad Católica de Valparaíso | ||
| 082 | 0 | 4 | |a 634 AGU 2022 |2 21 |
| 100 | 0 | |a Agustí Fonfría, Manuel |e autor |9 555876 | |
| 245 | 1 | 0 | |a Fruticultura. |
| 250 | |a 3.ª edición. | ||
| 260 | |a Madrid, España: |b Ediciones Paraninfo, |c 2022. | ||
| 300 | |a 593 páginas : |b ilustraciones. | ||
| 583 | |k GC |c 20230913 | ||
| 650 | 0 | |a Fruticultura |9 259678 | |
| 650 | |a Cultivo de frutales |9 860802 | ||
| 650 | |a Arboles frutales |x Nutrición |9 860803 | ||
| 700 | |a Reig Valor, Carmina |9 503171 |e autora | ||
| 700 | |a Mesejo, Carlos |9 497765 |e autor | ||
| 942 | |c BK |2 ddc | ||
| 999 | |c 441792 |d 441790 | ||
| 952 | |0 0 |1 0 |2 ddc |4 0 |6 634_000000000000000_AGU_2022 |7 0 |8 R |9 591562 |a BIBAGR |b BIBAGR |c RES |d 2023-09-13 |e 3 |g 44267.71 |i 5658706 |l 1 |o 634 AGU 2022 |p 5658706 |r 2025-01-20 |s 2023-10-03 |t 2 |v 44267.71 |w 2023-09-13 |y BK_R |k AGR | ||
| 952 | |0 0 |1 0 |2 ddc |4 0 |6 634_000000000000000_AGU_2022 |7 0 |8 R |9 591563 |a BIBAGR |b BIBAGR |c RES |d 2023-09-13 |e 3 |g 44267.71 |i 5658708 |l 13 |o 634 AGU 2022 |p 5658708 |q 2025-05-12 |r 2025-05-09 |s 2025-05-09 |t 4 |v 44267.71 |w 2023-09-13 |y BK_R |k AGR | ||
| 952 | |0 0 |1 0 |2 ddc |4 0 |6 634_000000000000000_AGU_2022 |7 0 |8 R |9 591564 |a BIBAGR |b BIBAGR |c RES |d 2023-09-13 |e 3 |g 44267.71 |i 5658705 |l 1 |o 634 AGU 2022 |p 5658705 |r 2025-01-20 |s 2023-09-28 |t 1 |v 44267.71 |w 2023-09-13 |y BK_R |k AGR | ||
| 952 | |0 0 |1 0 |2 ddc |4 0 |6 634_000000000000000_AGU_2022 |7 0 |8 R |9 591565 |a BIBAGR |b BIBAGR |c RES |d 2023-09-13 |e 3 |g 44267.71 |i 5658707 |l 7 |o 634 AGU 2022 |p 5658707 |r 2025-01-20 |s 2024-09-17 |t 3 |v 44267.71 |w 2023-09-13 |y BK_R |k AGR | ||
| 952 | |0 0 |1 0 |2 ddc |4 0 |6 634_000000000000000_AGU_2022 |7 0 |8 R |9 591566 |a BIBAGR |b BIBAGR |c RES |d 2023-09-13 |e 3 |g 44267.71 |i 5658709 |l 4 |o 634 AGU 2022 |p 5658709 |r 2025-01-20 |s 2024-09-11 |t 5 |v 44267.71 |w 2023-09-13 |y BK_R |k AGR | ||